000 00300nam a22001337a 4500
008 170216b xxu||||| |||| 00| 0 eng d
020 _a9780521646154
041 _aeng
080 _22ND
_a615
100 _a5
101 _aSHF
245 _aESSENTIAL PSYCHOPHARMACOLOGY
_cSTAHL, S.M
942 _2udc
_cBK
999 _c5738
_d5738